"OngPinoy Delicacies" A Video documentary on Chinese Food Culture in the Philippines / (Record no. 228860)
[ view plain ]
| 000 -LEADER | |
|---|---|
| fixed length control field | 00532nam a2200145Ia 4500 |
| 008 - FIXED-LENGTH DATA ELEMENTS--GENERAL INFORMATION | |
| fixed length control field | 140724s9999 xx 000 0 und d |
| 050 ## - LIBRARY OF CONGRESS CALL NUMBER | |
| Classification number | PN 1995.9.D6 |
| Item number | .J37 2013 |
| 100 ## - MAIN ENTRY--PERSONAL NAME | |
| Personal name | Jarina, Kate Marie D. |
| 245 ## - TITLE STATEMENT | |
| Title | "OngPinoy Delicacies" A Video documentary on Chinese Food Culture in the Philippines / |
| Statement of responsibility, etc | Kate Marie D. Jarina. |
| 260 ## - PUBLICATION, DISTRIBUTION, ETC. (IMPRINT) | |
| Place of publication, distribution, etc | Las Piñas, Philippines : |
| Name of publisher, distributor, etc | Southville International School and Colleges, |
| Date of publication, distribution, etc | c2013. |
| 300 ## - PHYSICAL DESCRIPTION | |
| Extent | 59 p. : |
| Other physical details | col. ill. ; |
| Dimensions | 28 cm. |
| 521 ## - TARGET AUDIENCE NOTE | |
| Target audience note | Mass Communication |
| 942 ## - ADDED ENTRY ELEMENTS (KOHA) | |
| Koha item type | Theses |
| Withdrawn status | Lost status | Damaged status | Home library | Current library | Shelving location | Date acquired | Total Checkouts | Total Renewals | Full call number | Barcode | Date last seen | Date checked out | Price effective from | Koha item type |
|---|---|---|---|---|---|---|---|---|---|---|---|---|---|---|
| College Library | College Library | Theses Section | 07/24/2014 | 1 | 2 | PN 1995.9.D6 .J37 2013 | T0214 | 05/15/2018 | 02/04/2016 | 07/24/2014 | Theses |